000 00951nam a2200253Ia 4500
003 OSt
005 20221005111937.0
006 a|||||r|||| 00| 0
007 ta
008 221004b |||||||| |||| 00| 0 san d
020 _a9789380326436 (hbk)
_c300
024 _a109828
037 _b101, 23/03/2011, Motilal Banarsidass Publishers Pvt. Ltd.
_cTextual
040 _aCRL
_cCRL
_bsan
041 _2san
_asan
082 _aDelta25x2,1, 15Q0
100 _aयोगेश्वर
245 0 _aशाण्डिल्य भक्ति सूत्रम
246 _aShāṇḍilya bhakti sūtrama
260 _aवाराणसी
_bचौखम्बा सुरभारती प्रकाशन भारत
_c2010
300 _a174पृ0
_ccm.
942 _hDelta25x2,1, 15Q0
_cTEXL
_2cc
999 _c1023374
_d1023374